Detalles MARC
| 000 -CABECERA |
| campo de control de longitud fija |
01287nam a2200289 a 4500 |
| 001 - NÚMERO DE CONTROL |
| campo de control |
000047477 |
| 003 - IDENTIFICADOR DEL NÚMERO DE CONTROL |
| campo de control |
DO-SdBNP |
| 005 - FECHA Y HORA DE LA ÚLTIMA TRANSACCIÓN |
| campo de control |
20250115124320.0 |
| 008 - DATOS DE LONGITUD FIJA--INFORMACIÓN GENERAL |
| campo de control de longitud fija |
180606s2017 dr 000 f spa d |
| 020 ## - NÚMERO INTERNACIONAL ESTÁNDAR DEL LIBRO |
| Número Internacional Estándar del Libro |
9789945503128 |
| 040 ## - FUENTE DE LA CATALOGACIÓN |
| Centro catalogador/agencia de origen |
DO-SdBNP |
| Lengua de catalogación |
spa |
| Centro/agencia transcriptor |
BNPHU |
| 082 ## - NÚMERO DE LA CLASIFICACIÓN DECIMAL DEWEY |
| Número de clasificación |
RD863.5 |
| Número de documento/Ítem |
F356v |
| 111 2# - ENTRADA PRINCIPAL--NOMBRE DE CONGRESO/REUNIÓN |
| Nombre de congreso/reunión o jurisdicción como elemento de entrada |
Feria Regional del Libro Azua |
| Número del congreso/reunión o número de parte o sección |
(13 : |
| Fecha del congreso/reunión |
2017 : |
| Sede del congreso/Lugar de la reunión |
Azua) |
| 9 (RLIN) |
75098 |
| 245 10 - MENCIÓN DE TÍTULO |
| Título |
Voces del Sur 2017 : |
| Resto del título |
cuentos ganadores del Certamen Regional para talleres literarios. |
| 260 ## - PUBLICACIÓN, DISTRIBUCIÓN, ETC. |
| Lugar de publicación, distribución, etc. |
Santo Domingo : |
| Nombre del editor, distribuidor, etc. |
Ministerio de Cultura ; |
| -- |
Nacional , |
| Fecha de publicación, distribución, etc. |
2017. |
| 300 ## - DESCRIPCIÓN FÍSICA |
| Extensión |
51 p. ; |
| Dimensiones |
20 cm. |
| 490 1# - MENCIÓN DE SERIE |
| Mención de serie |
Narrativa |
| 505 0# - NOTA DE CONTENIDO CON FORMATO |
| Nota de contenido con formato |
Primer premio : |
| Título |
Un juego de azar / |
| Mención de responsabilidad |
Yaina Melisa Rodríguez -- |
| Información miscelánea |
Segundo premio : |
| Título |
Cópula diabólica / |
| Mención de responsabilidad |
Carlos Tomás Sención -- |
| Información miscelánea |
Tercer primio : |
| Título |
Lágrimas de tinta/ |
| Mención de responsabilidad |
Andreidy Sánchez -- |
| Información miscelánea |
Menciones : |
| Título |
Las barbas de papá Noel / |
| Mención de responsabilidad |
Ariel Ortiz -- |
| Título |
La muerte de Fernán Gómez / |
| Mención de responsabilidad |
Miguel Ángel Otaño Montero |
| 590 ## - NOTA LOCAL (RLIN) |
| Nota local |
Inventariado, 2018/VM |
| 650 #4 - PUNTO DE ACCESO ADICIONAL DE MATERIA--TÉRMINO DE MATERIA |
| Término de materia o nombre geográfico como elemento de entrada |
Certámenes literarios |
| Subdivisión general |
República dominicana |
| 9 (RLIN) |
75099 |
| 650 #0 - PUNTO DE ACCESO ADICIONAL DE MATERIA--TÉRMINO DE MATERIA |
| Término de materia o nombre geográfico como elemento de entrada |
Cuentos dominicanos |
| 9 (RLIN) |
176 |
| 650 #4 - PUNTO DE ACCESO ADICIONAL DE MATERIA--TÉRMINO DE MATERIA |
| Término de materia o nombre geográfico como elemento de entrada |
Literatura ddominicana |
| 9 (RLIN) |
74639 |
| 710 1# - PUNTO DE ACCESO ADICIONAL--NOMBRE DE ENTIDAD CORPORATIVA |
| Nombre de entidad corporativa o nombre de jurisdicción como elemento de entrada |
República Dominicana. |
| Unidad subordinada |
Ministerio de Cultura |
| 9 (RLIN) |
71794 |
| 830 #0 - PUNTO DE ACCESO ADICIONAL DE SERIE-TÍTULO UNIFORME |
| Título uniforme |
Narrativa |
| 9 (RLIN) |
11366 |
| 910 ## - DATOS DE OPCIÓN DEL USUARIO (OCLC) |
| Datos de opción del usuario |
Validado. Control de calidad MFF |
| 942 ## - ELEMENTOS DE PUNTO DE ACCESO ADICIONAL (KOHA) |
| Fuente del sistema de clasificación o colocación |
Dewey Decimal Classification |
| Tipo de ítem Koha |
Libro |